000 00611cam a22002411 4500
001 sa 62000184
003 DLC
005 20260227111913.0
008 890822s1961 ii b 000 0 hino
010 _asa 62000184
035 _a(OCoLC)20231551
040 _aDLC
_cWaU
_dDLC
042 _apremarc
043 _aa-ii---
050 0 0 _aPK2031
_b.M45
100 1 _aMisra, Durga Shankar.
245 1 0 _aSāhitya-sādhanā ke sopāna.
260 _c[1961]
300 _a385 p.
_c25 cm.
500 _aIn Hindi.
504 _aBibliographical footnotes.
650 0 _aHindi literature
_xHistory and criticism.
999 _c52835
_d52835